000 00582nam a22001817a 4500
005 20160621141529.0
010 _aENG-115164
020 _a9789385288395
_c299.00
035 _aEN-98696
037 _bDBAB/PUB
082 _a808.883
100 _aGodden, Rumer
245 _aRungli-Rungliot :
_bthus far and no further : a memoir /
_cby Rumer Godden ; foreworded by Ruskin Bond
260 _aNew Delhi
_bSpeaking Tiger
_c2015
270 _a4381/4,Ansari Road, Daryaganj,
_bNew Delhi
_e110002
300 _ax,162p.
_c21cm(pbk)
942 _2ddc
_cEN
_h808.883
_mGOD
999 _c100089
_d100089